[Event "Karlsruhe Elo"]
[Site "Karlsruhe"]
[Date "1991.??.??"]
[Round "8"]
[White "Chabanon, Jean Luc"]
[Black "Maiwald, Jens Uwe"]
[Result "1/2-1/2"]
[WhiteElo "2480"]
[BlackElo "2210"]

1.d4 Nf6 2.c4 g6 3.Nc3 Bg7 4.e4 d6 5.Nf3 O-O 6.Be2 e5 7.O-O Nc6 8.d5 Ne7
9.Nd2 a5 10.a3 Nd7 11.Ra2 f5 12.b4 Kh8 13.f3 Bh6 14.Qc2 Nf6 15.c5 axb4 16.axb4 Rxa2
17.Nxa2 Nh5 18.g3 Be3+ 19.Kh1 Qd7 20.Nc4 Bd4 21.Bh6 Rf7 22.cxd6 cxd6 23.f4 Nxg3+
24.hxg3 fxe4 25.g4 Nf5 26.Nxd6 Nxd6 27.Qb3 b6 28.Qh3 Bb7 29.fxe5 Bxe5 30.Nc3 Qe7
31.Kg2 Rxf1 32.Bxf1 Qf6 33.Nd1 Bd4 34.Bc1 e3 35.Qf3 Kg7 36.Qxf6+ Kxf6 37.Kf3 Ke7
38.Bd3 Kf7 39.Kf4 h6 40.g5 hxg5+ 41.Kxg5  1/2-1/2

[Event "Katowice op"]
[Site "Katowice"]
[Date "1991.??.??"]
[Round "6"]
[White "Schmidt, Wlodzimierz"]
[Black "Tkebuchava, Gocha"]
[Result "1/2-1/2"]
[WhiteElo "2460"]
[BlackElo "2375"]

1.Nf3 g6 2.c4 Bg7 3.d4 d6 4.Nc3 Nf6 5.e4 O-O 6.Be2 e5 7.O-O Nc6 8.d5 Ne7
9.Ne1 Nd7 10.Nd3 f5 11.Bd2 Rf7 12.f3 f4 13.g4 Bf6 14.Be1 h5 15.h3 Rh7 16.Kg2 hxg4
17.hxg4 Kg7 18.Rh1 Rxh1 19.Kxh1 a6 20.Kg2 Qh8 21.Bf2 Bh4 22.Qh1 g5 23.Bxh4 gxh4
24.Rc1 Ng6 25.Nd1 b6 26.N1f2 a5 27.Bd1  1/2-1/2

[Event "Katowice op"]
[Site "Katowice"]
[Date "1991.??.??"]
[Round "10"]
[White "Belov, Igor"]
[Black "Zhelnin, Vladimir V"]
[Result "1/2-1/2"]
[WhiteElo "2440"]
[BlackElo "2365"]

1.Nf3 Nf6 2.c4 g6 3.Nc3 Bg7 4.e4 d6 5.d4 O-O 6.Be2 e5 7.O-O Nc6 8.d5 Ne7
9.Bg5 Ne8 10.Nd2 f5 11.f3 f4 12.Bh4 Kh8 13.b4 Rg8 14.c5 Bf8 15.cxd6 cxd6
16.Bf2 g5 17.Rc1 Ng6 18.Nc4 Nf6 19.Kh1 h5 20.Nb5 g4 21.Nxa7 Bd7 22.Nb6 gxf3
23.Bxf3 Ng4 24.Nxa8 Nxf2+ 25.Rxf2 Qxa8 26.Bxh5 Nh4 27.g3 Qxa7 28.Rcc2 Ng6
29.Bxg6 Rxg6 30.Qh5+ Kg7 31.Rc7 Qxf2 32.Rxd7+ Be7 33.Rxe7+ Kf8 34.Re8+ Kxe8
35.Qxg6+ Kf8 36.Qxd6+ Kf7 37.Qe6+ Kf8 38.Qc8+ Kf7 39.Qf5+ Kg8 40.Qc8+ Kg7
41.Qd7+ Kf8 42.Qc8+ Kg7 43.Qd7+ Kf8 44.Qd8+ Kf7 45.Qd7+ Kg6 46.Qd6+  1/2-1/2

[Event "Katowice op"]
[Site "Katowice"]
[Date "1991.??.??"]
[Round "11"]
[White "Titov, German"]
[Black "Gleizerov, Evgeny"]
[Result "1-0"]
[WhiteElo "2480"]
[BlackElo "2485"]

1.Nf3 Nf6 2.c4 g6 3.Nc3 Bg7 4.e4 d6 5.d4 O-O 6.Be2 e5 7.O-O Nc6 8.Be3 Ng4
9.Bg5 f6 10.Bh4 g5 11.Bg3 Nh6 12.dxe5 fxe5 13.Ne1 Nd4 14.Nc2 c6 15.Ne3 Qe7
16.h3 Nxe2+ 17.Qxe2 Be6 18.Rfd1 Rad8 19.Rd3 a6 20.Rad1 b5 21.b3 Rd7 22.R1d2 Rfd8
23.Qd1 Bf8 24.f3 Qf7 25.Ne2 bxc4 26.bxc4 Bxc4 27.Nxc4 Qxc4 28.Bxe5 Nf7 29.Bd4 d5
30.Rc2 Qa4 31.Nc3 Qa5 32.exd5 cxd5 33.Ne2 Nd6 34.Bf6 Be7 35.Bxe7 Rxe7 36.Rxd5 Qb6+
37.Kh1 h6 38.Rcd2 Re6 39.Nd4 Rf6 40.Nf5  1-0

[Event "Kecskemet GM"]
[Site "Kecskemet"]
[Date "1991.??.??"]
[Round "3"]
[White "Tratar, Marko"]
[Black "Borriss, Martin"]
[Result "0-1"]
[WhiteElo "2340"]
[BlackElo "2340"]

1.d4 Nf6 2.c4 g6 3.Nc3 Bg7 4.e4 d6 5.Nf3 O-O 6.Be2 e5 7.O-O Nc6 8.d5 Ne7
9.Nd2 a5 10.a3 Nd7 11.Rb1 f5 12.b4 Kh8 13.f3 Ng8 14.Qc2 axb4 15.axb4 Ngf6
16.Nb5 Nh5 17.g3 Ndf6 18.c5 Nxg3 19.hxg3 Nh5 20.Rf2 Nxg3 21.Nf1 Nxe2+ 22.Qxe2 Bf6
23.Rh2 fxe4 24.fxe4 Bg5 25.Bxg5 Qxg5+ 26.Rg2 Qe7 27.Qe3 Rf4 28.Nd2 Bg4 29.Rf1 g5
30.Qc3 h5 31.cxd6 cxd6 32.Qc7 Qxc7 33.Nxc7 Ra4 34.Ne8 Rxb4 35.Nxd6 Kg7 36.Rc1 Kg6
37.N6c4 Kf6 38.Ne3 Bf3 39.Nxf3 Rxf3 40.Nc4 Rf4 41.Nd2 h4 42.Rc8 Rd4 43.Rf8+ Ke7
44.Rb8 g4 45.Rxb7+ Kf6 46.Kh2 Rd3 47.Rb3 Rd4 48.Rb6+ Kg5 49.Re6 h3 50.Re2 Rd3
51.Rb6 g3+ 52.Kg1 h2+  0-1

[Event "Kecskemet Szechenyi"]
[Site "Kecskemet"]
[Date "1991.??.??"]
[Round "8"]
[White "Sestjakov, Sergei"]
[Black "Van Wely, Loek"]
[Result "1-0"]
[WhiteElo "2280"]
[BlackElo "2475"]

1.Nf3 g6 2.d4 Nf6 3.c4 Bg7 4.Nc3 d6 5.e4 O-O 6.Be2 e5 7.O-O Nc6 8.d5 Ne7
9.b4 Nh5 10.g3 f5 11.Ng5 Nf6 12.f3 Re8 13.c5 h6 14.Ne6 Bxe6 15.dxe6 d5 16.Nxd5 Nexd5
17.exd5 Nxd5 18.Bc4 c6 19.Qb3 Qe7 20.Rd1 Rad8 21.Bxd5 cxd5 22.Rxd5 Rxd5 23.Qxd5 e4
24.Rb1 Rd8 25.Qc4 Rd1+ 26.Kf2 Rd4 27.Qc2 Qxe6 28.Be3 Rd3 29.Rb3 Rd7 30.f4 Kh7
31.b5 Qd5 32.Rb4 Rc7 33.Rc4 b6 34.Ke2 Bf6 35.a4 g5 36.c6 g4 37.Rb4 Kg6 38.Qc4 Qd6
39.Rb1 h5 40.Rd1 Qa3 41.Qg8+ Bg7 42.Qe8+ Rf7 43.Rd7 Qa2+ 44.Bd2 Qc4+ 45.Ke1 Bc3
46.Qxf7+ Qxf7 47.Rxf7 Bxd2+ 48.Kxd2 Kxf7 49.c7 Ke7 50.c8=Q  1-0

[Event "Kerteminde"]
[Site "Kerteminde"]
[Date "1991.??.??"]
[Round "3"]
[White "Van der Sterren, Paul"]
[Black "Fishbein, Alexander"]
[Result "0-1"]
[WhiteElo "2475"]
[BlackElo "2465"]

1.d4 Nf6 2.c4 g6 3.Nc3 Bg7 4.e4 d6 5.Nf3 O-O 6.Be2 e5 7.O-O Nc6 8.d5 Ne7
9.Nd2 a5 10.a3 Nd7 11.Rb1 f5 12.b4 Kh8 13.Qc2 Ng8 14.exf5 gxf5 15.f4 Ne7
16.Nf3 e4 17.Ng5 Nf6 18.Kh1 axb4 19.axb4 h6 20.Nh3 c6 21.dxc6 bxc6 22.Rd1 d5
23.cxd5 cxd5 24.Nb5 Ba6 25.Nd4 Bxe2 26.Qxe2 Qb6 27.Nf2 Nd7 28.Be3 Qg6 29.Ra1 Rxa1
30.Rxa1 Nc6 31.Qd2 Nb6 32.Ra6 Nc4 33.Rxc6 Qxc6 34.Nxc6 Nxd2 35.Bxd2 Ra8 36.g3 Ra2
37.Be3 Re2 38.Bc5 e3 39.Nh3 Rc2 40.Nd4 Rxc5 41.bxc5 Bxd4 42.Ng1 Bxc5 43.Ne2 d4
44.Nc1 Bb4 45.Kg2 e2  0-1

[Event "Kerteminde"]
[Site "Kerteminde"]
[Date "1991.??.??"]
[Round "8"]
[White "Shirov, Alexei"]
[Black "Fishbein, Alexander"]
[Result "0-1"]
[WhiteElo "2615"]
[BlackElo "2465"]

1.d4 Nf6 2.c4 g6 3.Nc3 Bg7 4.e4 d6 5.Nf3 O-O 6.Be2 e5 7.O-O Nc6 8.d5 Ne7
9.Nd2 a5 10.a3 Nd7 11.Rb1 f5 12.b4 Kh8 13.Qc2 Ng8 14.exf5 gxf5 15.f4 Ne7
16.Nf3 e4 17.Ng5 Nf6 18.Bb2 axb4 19.axb4 c6 20.dxc6 bxc6 21.Rfd1 Qc7 22.Qd2 h6
23.Nh3 Rd8 24.b5 Be6 25.Qe3 c5 26.Qg3 Rg8 27.Rd2 d5 28.cxd5 Nexd5 29.Nxd5 Nxd5
30.Qh4 Bxb2 31.Qxh6+ Qh7 32.Qxh7+ Kxh7 33.Rdxb2 Kh6 34.b6 Nb4 35.Rc1 Ra5
36.Rd2 Bd5 37.Rcd1 e3 38.Rxd5 Nxd5 39.Rxd5 Ra1+ 40.Rd1 Rxd1+ 41.Bxd1 Rd8
42.Kf1 Rxd1+ 43.Ke2 Rd2+ 44.Kxe3 Rxg2 45.Nf2 Rg6 46.Nd3 Rxb6 47.Nxc5 Rb2
48.Ne6 Rxh2 49.Nd4 Rh3+ 50.Kf2 Kg6 51.Ke2 Ra3 52.Nc2 Ra2 53.Kd3 Ra4 54.Ke3 Rc4
55.Nd4 Rc3+ 56.Ke2 Rc5 57.Nf3 Kh5 58.Ne5 Rc3 59.Kf2 Kh4 60.Kg2 Rb3  0-1

[Event "JUG-ch"]
[Site "Kladovo"]
[Date "1991.??.??"]
[Round "1"]
[White "Dzevlan, Miralem"]
[Black "Dumpor, Atif"]
[Result "1-0"]
[WhiteElo "2405"]
[BlackElo "2295"]

1.d4 Nf6 2.c4 g6 3.Nc3 Bg7 4.e4 d6 5.Nf3 O-O 6.Be2 e5 7.O-O Nc6 8.d5 Ne7
9.Nd2 c5 10.Rb1 Ne8 11.b4 f5 12.a4 cxb4 13.Rxb4 Nc7 14.Rb1 Na6 15.f3 Nc5
16.Nb3 b6 17.a5 Bd7 18.Bd2 Rf7 19.Ra1 Rb8 20.axb6 axb6 21.Nxc5 dxc5 22.Bg5 h6
23.Bd2 Nc8 24.Qb3 Nd6 25.Be3 Be8 26.Rfb1 Rfb7 27.Qc2 h5 28.Ra6 Kh7 29.Qd2 Bf6
30.Kh1 h4 31.h3 Bd7 32.Bd3 Bc8 33.Nb5 Rd7 34.Ra2 fxe4 35.Nxd6 exd3 36.Ne4 Rdb7
37.Qxd3 Bf5 38.Rab2 Be7 39.Qc3 Bxe4 40.fxe4 Bd6 41.Rf1 b5 42.cxb5 Rxb5 43.Rbf2 R8b7
44.Bc1 Rg7 45.Qe3 Kg8 46.Qe2 Rb1 47.Qg4 Qd7 48.Qxh4 c4 49.Qg3 Rb3 50.Rf3 Rxf3
51.Rxf3 Qa4 52.Bh6 Qd1+ 53.Kh2 Bc5 54.Qxe5 Qg1+ 55.Kg3 Rb7 56.Bg5 Kh7 57.d6 c3
58.Be7 Bxd6 59.Qxd6  1-0

[Event "JUG-ch"]
[Site "Kladovo"]
[Date "1991.??.??"]
[Round "6"]
[White "Stankovic, Bozidar"]
[Black "Bakic, Rados"]
[Result "1/2-1/2"]
[WhiteElo "2300"]
[BlackElo "2355"]

1.d4 Nf6 2.c4 g6 3.Nc3 Bg7 4.e4 d6 5.Nf3 O-O 6.Be2 e5 7.O-O Nc6 8.d5 Ne7
9.Nd2 c5 10.a3 Ne8 11.b4 b6 12.Nb3 f5 13.Bg5 h6 14.Bxe7 Qxe7 15.bxc5 dxc5
16.a4 Bd7 17.a5 Nd6 18.axb6 axb6 19.Nd2 h5 20.Bd3 Bh6 21.Nb3 h4 22.Qe2 h3
23.g3 f4 24.Nb5 f3 25.Qc2 Bxb5 26.cxb5 c4 27.Bxc4 Rxa1 28.Rxa1 Rc8 29.Nd2 Qf7
30.Qd3 Bxd2 31.Qxd2 Rxc4 32.Qh6 Rc8 33.Qxh3 Kg7 34.Qg4 Rc4 35.Re1 Nxb5 36.h4 Nd4
37.h5 Kh6 38.hxg6 Qxg6 39.Qh4+ Qh5 40.Qf6+ Kh7 41.Qe7+  1/2-1/2

[Event "JUG-ch"]
[Site "Kladovo"]
[Date "1991.??.??"]
[Round "6"]
[White "Sofrevski, Jovan"]
[Black "Cvitan, Ognjen"]
[Result "1/2-1/2"]
[WhiteElo "2415"]
[BlackElo "2535"]

1.Nf3 Nf6 2.c4 g6 3.Nc3 Bg7 4.e4 d6 5.d4 O-O 6.Be2 e5 7.O-O Nc6 8.Be3 Ng4
9.Bg5 f6 10.Bc1 Nh6 11.dxe5 dxe5 12.Be3 Nf7 13.Qxd8 Nfxd8 14.Nd5 Ne6 15.Rfd1 Rf7
16.c5 a5 17.a3  1/2-1/2

[Event "JUG-ch"]
[Site "Kladovo"]
[Date "1991.??.??"]
[Round "7"]
[White "Ilic, Vidoje"]
[Black "Raicevic, Ivica"]
[Result "1/2-1/2"]
[WhiteElo "2290"]
[BlackElo "2350"]

1.d4 Nf6 2.c4 g6 3.Nc3 Bg7 4.e4 d6 5.Be2 O-O 6.Nf3 Nc6 7.O-O e5 8.d5 Ne7
9.Ne1 Nd7 10.Nd3 f5 11.Bd2  1/2-1/2

[Event "JUG-ch"]
[Site "Kladovo"]
[Date "1991.??.??"]
[Round "11"]
[White "Bogdanovski, Vlatko"]
[Black "Bakic, Rados"]
[Result "1-0"]
[WhiteElo "2440"]
[BlackElo "2355"]

1.d4 Nf6 2.Nf3 g6 3.c4 Bg7 4.Nc3 O-O 5.e4 d6 6.Be2 e5 7.O-O Nc6 8.d5 Ne7
9.Nd2 c5 10.Rb1 Ne8 11.b4 b6 12.bxc5 bxc5 13.Nb3 Kh8 14.Bd2 f5 15.f3 Nf6
16.Qc2 Neg8 17.exf5 Bxf5 18.Bd3 Bxd3 19.Qxd3 Bh6 20.Rb2 Rb8 21.Rfb1 a6 22.Ne2 Bxd2
23.Nxd2 Rxb2 24.Rxb2 Qa5 25.Qc3 Qc7 26.Qb3 Qg7 27.Ng3 Qh6 28.Qc3 Qf4 29.Rb6 Ne7
30.Rxd6 Nf5 31.Nxf5 gxf5 32.Re6  1-0

[Event "JUG-ch"]
[Site "Kladovo"]
[Date "1991.??.??"]
[Round "12"]
[White "Jacimovic, Dragoljub"]
[Black "Cvitan, Ognjen"]
[Result "1/2-1/2"]
[WhiteElo "2415"]
[BlackElo "2535"]

1.d4 Nf6 2.c4 g6 3.Nc3 Bg7 4.e4 d6 5.Be2 O-O 6.Nf3 e5 7.O-O Nc6 8.d5 Ne7
9.Ne1 Nd7 10.Nd3 f5 11.f3 f4 12.g4 g5 13.Bd2 Ng6 14.Be1 Rf7 15.h3 Bf8 16.Kg2 Nf6
17.b4 h5 18.Rc1  1/2-1/2

[Event "JUG-ch"]
[Site "Kladovo"]
[Date "1991.??.??"]
[Round "13"]
[White "Maksimovic, Branimir"]
[Black "Brenjo, Slavisa"]
[Result "1-0"]
[WhiteElo "2380"]
[BlackElo "2320"]

1.d4 Nf6 2.c4 g6 3.Nc3 Bg7 4.e4 O-O 5.Nf3 d6 6.Be2 e5 7.O-O Nc6 8.d5 Ne7
9.Ne1 Nd7 10.Nd3 f5 11.Bd2 Nf6 12.f3 c5 13.Rb1 Kh8 14.b4 b6 15.bxc5 bxc5
16.Rb2 Bd7 17.Nf2 Nh5 18.Bd3 Nc8 19.Bc2 Nb6 20.Bd3 Nf4 21.Qc2 fxe4 22.Ncxe4 Qe7
23.Rfb1 Rf5 24.Rxb6 axb6 25.Rxb6 Rh5 26.Qb3 Rf8 27.Rxd6 Qh4 28.Bxf4 exf4
29.Rxd7 Qxh2+ 30.Kf1 Bd4 31.Rb7 Bxf2 32.Nxf2  1-0

[Event "JUG-ch"]
[Site "Kladovo"]
[Date "1991.??.??"]
[Round "13"]
[White "Bogdanovski, Vlatko"]
[Black "Burovic, Ismet"]
[Result "0-1"]
[WhiteElo "2440"]
[BlackElo "2375"]

1.d4 Nf6 2.Nf3 g6 3.c4 Bg7 4.Nc3 O-O 5.e4 d6 6.Be2 e5 7.O-O Nc6 8.d5 Ne7
9.Nd2 Ne8 10.b4 f5 11.c5 Nf6 12.f3 f4 13.a4 g5 14.Ba3 Ng6 15.b5 Rf7 16.a5 Bf8
17.Na4 h5 18.b6 cxb6 19.axb6 g4 20.Nc4 g3 21.Qc2 gxh2+ 22.Kh1 h4 23.bxa7 Nh5
24.Nab6 h3  0-1

[Event "Krumbach op"]
[Site "Krumbach"]
[Date "1991.??.??"]
[Round "3"]
[White "Gabriel, Josef"]
[Black "Hertel, Peter"]
[Result "1-0"]
[WhiteElo "2375"]
[BlackElo "2230"]

1.c4 Nf6 2.Nc3 g6 3.Nf3 Bg7 4.e4 d6 5.d4 O-O 6.Be2 e5 7.O-O Nc6 8.d5 Ne7
9.Nd2 c5 10.a3 Ne8 11.b4 b6 12.Rb1 f5 13.f3 Bh6 14.Nb3 Bxc1 15.Nxc1 f4 16.Nd3 g5
17.Kf2 Nf6 18.Ke1 Kh8 19.Kd2 Bd7 20.Kc1 a6 21.Kb2 cxb4 22.axb4 a5 23.Qb3 Qc7
24.Rfc1 Rfc8 25.Nb5 Bxb5 26.cxb5 Qd7 27.bxa5 bxa5 28.Ka2 Rxc1 29.Rxc1 Rc8
30.Rc6 Nxc6 31.dxc6 Qc7 32.Nb2 Kg7 33.Na4 g4 34.Bc4 gxf3 35.gxf3  1-0

[Event "Krumbach op"]
[Site "Krumbach"]
[Date "1991.??.??"]
[Round "6"]
[White "Blees, Albert"]
[Black "Carstens, Andreas"]
[Result "1-0"]
[WhiteElo "2380"]
[BlackElo "2375"]

1.d4 Nf6 2.c4 g6 3.Nc3 Bg7 4.e4 O-O 5.Nf3 d6 6.Be2 e5 7.O-O Nc6 8.d5 Ne7
9.Nd2 a5 10.a3 Nd7 11.Rb1 f5 12.b4 Kh8 13.Qc2 fxe4 14.Ndxe4 Nf5 15.Qd3 Nf6
16.Nxf6 Bxf6 17.Bg4 Bg5 18.Bb2 Kg8 19.Ne4 Bh6 20.Rbe1 Qh4 21.h3 axb4 22.axb4 Ra2
23.Qb3 Rxb2 24.Qxb2 Bg7 25.c5 h5 26.Bxf5 gxf5 27.cxd6 fxe4 28.dxc7 Qe7 29.Qc3 Bf5
30.Rc1 Bh6 31.Rc2 Kh7 32.Rd1 e3 33.d6 Qg7 34.fxe3 Bxe3+ 35.Qxe3 Bxc2 36.d7 Bxd1
37.d8=Q  1-0

[Event "Krumbach op"]
[Site "Krumbach"]
[Date "1991.??.??"]
[Round "7"]
[White "Naumann, Frank"]
[Black "Hertel, Peter"]
[Result "0-1"]
[WhiteElo "2280"]
[BlackElo "2230"]

1.d4 g6 2.e4 Bg7 3.Nf3 d6 4.c4 Nf6 5.Nc3 O-O 6.Be2 e5 7.O-O Nc6 8.d5 Ne7
9.Ne1 Nd7 10.f3 f5 11.g4 Kh8 12.Nd3 Ng8 13.Be3 Bh6 14.Bf2 fxg4 15.fxg4 Bf4
16.Nxf4 exf4 17.Bd4+ Ne5 18.Qd2 g5 19.Bxe5+ dxe5 20.Bf3 Nf6 21.h3 h5 22.Qe2 hxg4
23.hxg4 Kg7 24.Kf2 Qe7 25.Ke1 Rh8 26.Kd2 Bd7 27.Rh1 Qc5 28.Rag1 Rxh1 29.Rxh1 Rh8
30.Rxh8 Kxh8 31.Nd1 Kg7 32.Nf2 Qa5+ 33.Kc2 Qxa2 34.Kc3 Ba4 35.Nd3 Qb3+ 36.Kd2 Qxc4
37.Nxe5 Qd4+ 38.Nd3 Bb5 39.Kc2 Nd7  0-1

[Event "Krumbach op"]
[Site "Krumbach"]
[Date "1991.??.??"]
[Round "8"]
[White "Dautov, Rustem"]
[Black "Wagner, Anselm"]
[Result "1/2-1/2"]
[WhiteElo "2570"]
[BlackElo "2280"]

1.d4 Nf6 2.c4 g6 3.Nc3 Bg7 4.e4 d6 5.Be2 O-O 6.Nf3 e5 7.O-O Nc6 8.d5 Ne7
9.Nd2 c6 10.a3 a5 11.Rb1 b5 12.dxc6 b4 13.axb4 axb4 14.Nd5 Nxc6 15.Nxf6+ Bxf6
16.Nb3 Be6 17.Be3 Bg7 18.Qd3 Qc7 19.Rfd1 Rfd8 20.Bg5 f6 21.Be3 Bf8 22.Ra1 Qf7
23.f3 f5 24.Rxa8 Rxa8 25.Ra1 fxe4 26.fxe4 Rxa1+ 27.Nxa1 Qb7 28.Nb3 Qa6 29.Nd2 Nd4
30.Bf1 Bg7 31.Nb3 Qa7 32.Bf2 h6 33.Qg3 Qf7 34.Nxd4 exd4 35.Qxd6 Bxc4 36.Qxb4 Bxf1
37.Kxf1 Qf4 38.Qc4+ Kh7 39.Qc2 Qb8 40.b3 Qb5+ 41.Qc4 Qh5 42.Qd3 Qxh2 43.Bg3 Qh1+
44.Kf2 Qh5 45.b4 Be5 46.Bxe5 Qxe5 47.b5 Qc5 48.Kf3 Qh5+ 49.Kf2 Qc5 50.Ke2 Qh5+
51.Kd2 Qg5+ 52.Kc2 Qc5+ 53.Kb3 h5 54.Qc4 Qd6 55.Qd5 Qg3+ 56.Ka4 Qc3 57.b6 d3
58.b7 d2 59.Qd7+ Qg7 60.Qxd2 Qxb7 61.Qd5  1/2-1/2

[Event "Krumbach op"]
[Site "Krumbach"]
[Date "1991.??.??"]
[Round "10"]
[White "Sinkovics, Peter"]
[Black "Maiwald, Jens Uwe"]
[Result "0-1"]
[WhiteElo "2370"]
[BlackElo "2210"]

1.d4 Nf6 2.Nf3 g6 3.c4 Bg7 4.Nc3 O-O 5.e4 d6 6.Be2 e5 7.O-O Nc6 8.d5 Ne7
9.Nd2 a5 10.Rb1 Bd7 11.b3 Nc8 12.a3 Nb6 13.b4 axb4 14.axb4 Na4 15.Qc2 Bh6
16.Bf3 Qe7 17.Nb3 Bxc1 18.Rfxc1 Nxc3 19.Qxc3 Ba4 20.Nd2 Bd7 21.Ra1 h5 22.Be2 Rfc8
23.f3 Qf8 24.c5 Qh6 25.Nf1 h4 26.c6 bxc6 27.dxc6 Be6 28.Ba6 Re8 29.Bb7 Rab8
30.Qe3 Qh8 31.b5 d5 32.b6 d4 33.Qd2 cxb6 34.Qb4 h3 35.g3 Qh5 36.Ra3 Nh7 37.Qxb6 Ng5
38.Nd2 Qh6 39.Rb1 Bc8 40.Qa7 Bxb7 41.cxb7 Ne6 42.Nc4 Kg7 43.Rd3 Rec8 44.Nd2 Nc5
45.f4 Nxd3 46.bxc8=Q Rxc8 47.Nf3 Qh5 48.Nxe5 Nxe5 49.Qxd4 Qe2  0-1

[Event "Las Palmas op"]
[Site "Las Palmas"]
[Date "1991.??.??"]
[Round "7"]
[White "Hernandez, Roman"]
[Black "Santos, Francisco"]
[Result "0-1"]
[WhiteElo "2445"]
[BlackElo "2280"]

1.d4 Nf6 2.c4 g6 3.Nc3 Bg7 4.e4 d6 5.Nf3 O-O 6.Be2 e5 7.O-O Nc6 8.d5 Ne7
9.Ne1 Nd7 10.Be3 f5 11.f3 f4 12.Bf2 h5 13.b4 g5 14.Nd3 Ng6 15.c5 Nf6 16.Rc1 Rf7
17.Qc2 Bf8 18.cxd6 Bxd6 19.Nc5 Nf8 20.a4 Ne8 21.Bc4 g4 22.Ne6 Qf6 23.Qb3 Ng7
24.Nb5 Ngxe6 25.dxe6 Bxe6 26.Nxa7 g3 27.hxg3 fxg3 28.Be3 Qh4 29.Rfe1 Qh2+
30.Kf1 Qh1+ 31.Ke2 Qxg2+ 32.Kd3 Bxc4+ 33.Qxc4 Rd8 34.Kc3 Qxf3 35.Kb3 Qg4
36.Ka3 Ne6 37.Rf1 Rdf8 38.Rf5 Rxf5 39.Qxe6+ R5f7 40.Qh6 Rf6  0-1

[Event "Leningrad op"]
[Site "Leningrad"]
[Date "1991.??.??"]
[Round "?"]
[White "Novik, Maxim"]
[Black "Suchorukow, Andrei"]
[Result "1-0"]
[WhiteElo "2415"]
[BlackElo "2270"]

1.Nf3 Nf6 2.c4 g6 3.d4 Bg7 4.Nc3 O-O 5.e4 d6 6.Be2 e5 7.O-O Nc6 8.d5 Ne7
9.Bg5 h6 10.Bxf6 Bxf6 11.b4 Kh7 12.c5 Ng8 13.Nd2 Bd7 14.Nc4 Be7 15.Na5 Qb8
16.Rb1 dxc5 17.d6 cxd6 18.bxc5 Qc7 19.cxd6 Bxd6 20.Nxb7 Qxc3 21.Qxd6 Qc6
22.Rfc1 Qxe4 23.Bf3 Qf5 24.Nc5 Rad8 25.Be4 Qf6 26.Qxd7 Rxd7 27.Nxd7 Qe7 28.Nxf8+ Qxf8
29.Rc7 Nf6 30.Rbb7 Kg8 31.Bd3 Nd5 32.Rd7 Nf6 33.Re7 Qd8 34.Bf1 Ng4 35.Rxf7 Qd4
36.h3  1-0

[Event "Leon"]
[Site "Leon"]
[Date "1991.??.??"]
[Round "?"]
[White "Bass, Leonid"]
[Black "Prie, Eric"]
[Result "1-0"]
[WhiteElo "2495"]
[BlackElo "2460"]

1.d4 Nf6 2.c4 d6 3.Nf3 g6 4.Nc3 Bg7 5.e4 O-O 6.Be2 e5 7.O-O Nc6 8.d5 Ne7
9.Nd2 a5 10.a3 Bd7 11.Ra2 Ne8 12.b4 axb4 13.axb4 Rxa2 14.Nxa2 f5 15.f3 Bh6
16.Nc3 Kh8 17.Nb3 Bxc1 18.Qxc1 f4 19.c5 Ng8 20.Na5 Bc8 21.Nb5 g5 22.Qc3 Ne7
23.Rc1 Rf6 24.Na7 Bd7 25.b5 Qa8 26.b6 dxc5 27.Qxe5 Ng6 28.Qa1 cxb6 29.Nc4 Kg8
30.e5 b5 31.exf6 bxc4 32.Bxc4 Nd6 33.Bd3 b6 34.Bxg6 hxg6 35.Qb1 Kf7 36.Qxb6 Qxd5
37.Qxc5 Qxc5+ 38.Rxc5 Kxf6 39.Nc6 Nb7 40.Rc4 Ke6 41.Nb4 Nd6 42.Rc5 Nf7 43.Nd3 Kd6
44.Ra5 Bf5 45.Nf2 Ne5 46.h3 Nc4 47.Ra6+ Ke7 48.Ng4 Bxg4 49.hxg4 Kf7 50.Kf2 Ne5
51.Ke2 Nc4 52.Kd3 Ne3 53.Ra2 Nf1 54.Ke4 Kg7 55.Ke5 Ne3 56.Ke6 Nc4 57.Ra7+ Kh6
58.Kf7 Ne5+ 59.Kg8 Nd7 60.Kh8  1-0

[Event "ESP-chT"]
[Site "Linares"]
[Date "1991.??.??"]
[Round "5"]
[White "Corral Blanco, Juan A"]
[Black "Garcia Padron, Jose"]
[Result "1-0"]
[WhiteElo "2410"]
[BlackElo "2445"]

1.d4 Nf6 2.c4 g6 3.Nc3 Bg7 4.e4 d6 5.Nf3 O-O 6.Be2 e5 7.O-O Nc6 8.d5 Ne7
9.Nd2 a5 10.Nb3 Nd7 11.Be3 b6 12.Nd2 f5 13.f3 f4 14.Bf2 g5 15.a3 h5 16.b4 Ng6
17.Nb5 Rf7 18.c5 bxc5 19.bxc5 Nxc5 20.Bxc5 dxc5 21.Bc4 Bd7 22.d6 Bxb5 23.Bxf7+ Kh7
24.Nc4 Qf6 25.Qd5 c6 26.Qe6 g4 27.a4 Ba6 28.Rac1 g3 29.Bxg6+ Qxg6 30.Qxg6+ Kxg6
31.Rfd1 Bf8 32.Nxe5+ Kf6 33.Nd7+ Ke6 34.Nxc5+  1-0

[Event "ESP-ch"]
[Site "Lleida"]
[Date "1991.??.??"]
[Round "2"]
[White "Teran Alvarez, Ismael"]
[Black "Cisneros, Lucas"]
[Result "0-1"]
[WhiteElo "2200"]
[BlackElo "2395"]

1.d4 Nf6 2.Nf3 g6 3.c4 Bg7 4.Nc3 O-O 5.e4 d6 6.Be2 e5 7.O-O Nc6 8.d5 Ne7
9.Ne1 Nd7 10.Nd3 c5 11.Rb1 a5 12.a3 f5 13.b4 axb4 14.axb4 b6 15.Bd2 Nf6 16.f3 Kh8
17.Qb3 Neg8 18.bxc5 bxc5 19.Qb6 Bh6 20.Bxh6 Nxh6 21.Nf2 Nf7 22.Qxd8 Rxd8
23.Rb2 Rd7 24.Rfb1 Rda7 25.Bd3 f4 26.Nb5 Ra1 27.Nd1 Kg7 28.Ndc3 Kf8 29.Nc7 Rxb1+
30.Bxb1 Ra3 31.N7b5 Ra5 32.Bc2 Ke7 33.Na4 Kd8 34.Nb6 g5 35.Nc3 Ra3 36.Nba4 g4
37.Kf2 Ra1 38.Bb1 Ba6 39.Rb8+ Ke7 40.Nb6 Ra3 41.Ne2 Ng5 42.Ng1 Ra1 43.Na8 Bxc4
44.Rb7+ Kf8 45.Nc7 Ba2 46.Bxa2 Rxa2+ 47.Kf1 Ra1+ 48.Kf2 g3+  0-1

[Event "ESP-ch"]
[Site "Lleida"]
[Date "1991.??.??"]
[Round "3"]
[White "Pablo Marin, Alejandro"]
[Black "Pastor, Pedro"]
[Result "1/2-1/2"]
[WhiteElo "2340"]
[BlackElo "2200"]

1.d4 g6 2.c4 Bg7 3.Nc3 d6 4.e4 Nf6 5.Nf3 O-O 6.Be2 e5 7.O-O Nc6 8.d5 Ne7
9.Ne1 Nd7 10.Nd3 f5 11.Bd2 Nf6 12.f3 c5 13.a3 h5 14.exf5 gxf5 15.f4 e4 16.Ne1 Ng4
17.Bxg4 hxg4 18.Nc2 Rf6 19.b4 b6 20.bxc5 bxc5 21.Rb1 Rh6 22.Qe1 Kf7 23.Nb5 a6
24.Nc3 Qh8 25.h3 gxh3 26.g3 h2+ 27.Kh1 Ra7 28.Ne3 Rg6 29.Ne2 Bd4 30.Rf2 Rh6
31.Rg2 Ng8 32.Bc3 Bxc3 33.Qxc3 Nf6 34.Rb8 Kg6 35.g4 Nxg4 36.Nxg4 fxg4 37.Qxh8 Rxh8
38.Rxh2 Rxh2+ 39.Kxh2 Rb7 40.Rxc8 Rb2 41.Kg3 Rxe2 42.Re8 Re3+ 43.Kxg4 Rxa3
44.Re6+ Kf7 45.Rxd6 Ra4 46.Kf5 Rxc4 47.Rxa6 e3 48.Ra7+ Ke8 49.Ra3 Kd7 50.Rxe3 Kd6
51.Kg5 Kxd5 52.f5 Rc1 53.f6 Rf1 54.Kg6 Kd4 55.Re6 c4 56.f7 Rxf7 57.Kxf7 c3
58.Rh6 c2 59.Rh1 Kd3  1/2-1/2

[Event "ESP-ch"]
[Site "Lleida"]
[Date "1991.??.??"]
[Round "3"]
[White "Gallego, Victoriano"]
[Black "Blazquez Gomez, Juan Carlos"]
[Result "1-0"]
[WhiteElo "2325"]
[BlackElo "2200"]

1.d4 Nf6 2.c4 g6 3.Nc3 Bg7 4.e4 d6 5.Nf3 O-O 6.Be2 e5 7.O-O Nc6 8.d5 Ne7
9.Ne1 Nd7 10.Nd3 f5 11.Bd2 f4 12.Bg4 Nf6 13.Bxc8 Qxc8 14.f3 c5 15.Nb5 Qd7
16.b4 b6 17.bxc5 bxc5 18.Ba5 Rfc8 19.Rb1 g5 20.Qa4 Ng6 21.Nc3 Qf7 22.Rb2 g4
23.Qd1 h5 24.Qb1 Nh4 25.Qe1 Ng6 26.Qf2 Bh6 27.Rfb1 Nh7 28.Rb7 Qf6 29.Nb5 Ng5
30.Kh1 Rab8 31.Nxa7 Rxb7 32.Rxb7 Rf8 33.Nb5 h4 34.h3 gxf3 35.gxf3 Nxh3 36.Qg2 Ng5
37.Nxd6 Qxd6 38.Rb6 Qe7 39.Rxg6+ Kh7 40.Rc6 Rf7 41.Qg4 Qb7 42.Qh5  1-0

[Event "ESP-ch"]
[Site "Lleida"]
[Date "1991.??.??"]
[Round "5"]
[White "Ferrer, Martin"]
[Black "De la Riva Aguado, Oscar"]
[Result "1/2-1/2"]
[WhiteElo "2280"]
[BlackElo "2345"]

1.d4 Nf6 2.c4 g6 3.Nc3 Bg7 4.e4 O-O 5.Nf3 d6 6.Be2 e5 7.O-O Nc6 8.d5 Ne7
9.Nd2 a5 10.Rb1 Nd7 11.a3 f5 12.b4 Kh8 13.f3 axb4 14.axb4 Nf6  1/2-1/2

[Event "London WFW"]
[Site "London"]
[Date "1991.??.??"]
[Round "?"]
[White "King, Daniel J"]
[Black "Davies, Nigel R"]
[Result "1/2-1/2"]
[WhiteElo "2545"]
[BlackElo "2500"]

1.c4 g6 2.Nc3 Bg7 3.d4 Nf6 4.e4 d6 5.Nf3 O-O 6.Be2 e5 7.O-O Nc6 8.d5 Ne7
9.Bd2 Nh5 10.g3 f5 11.exf5 Nxf5 12.Ne4 Nf6 13.Bd3 Bd7 14.Rc1 Kh8 15.Bg5 b6
16.b4 a5 17.a3 axb4 18.axb4 Ra4 19.Qe1 Qe8 20.Bxf6 Bxf6 21.Ra1 Rxa1 22.Qxa1 Qf7
23.Qa2 Bc8 24.Rc1 Bg7 25.Rf1 Bh6 26.Qe2  1/2-1/2

[Event "London WFW"]
[Site "London"]
[Date "1991.??.??"]
[Round "?"]
[White "Wells, Peter K"]
[Black "Byrne, Robert E"]
[Result "1-0"]
[WhiteElo "2460"]
[BlackElo "2465"]

1.d4 Nf6 2.c4 g6 3.Nc3 Bg7 4.e4 d6 5.Nf3 O-O 6.Be2 e5 7.O-O Nc6 8.d5 Ne7
9.Ne1 Nd7 10.Nd3 f5 11.Bd2 fxe4 12.Nxe4 Nf5 13.Bc3 Nf6 14.Bf3 Bd7 15.a4 Kh8
16.Nxf6 Qxf6 17.Be4 Qh4 18.Re1 Rae8 19.c5 Bc8 20.a5 Nd4 21.cxd6 cxd6 22.Ra4 g5
23.Rc4 g4 24.g3 Qg5 25.Bxd4 exd4 26.Bg2 Qf5 27.Rxe8 Rxe8 28.Rc7 a6 29.Nf4 Qe5
30.Bf1 Bh6 31.Ne6 Bxe6 32.dxe6 Qxe6 33.Qxd4+ Qe5 34.Qxe5+ Rxe5 35.Rxb7 Rxa5
36.Bd3 Bd2 37.Rxh7+ Kg8 38.Rd7 Bb4 39.Ra7 Ra1+ 40.Kg2 a5 41.Bf5 Kf8 42.Be6 Rd1
43.b3 d5 44.Rf7+ Ke8 45.Bxg4 Rd2 46.Rf3 Ke7 47.h4 Bc5 48.Bh5 Bd4 49.Bg6 Kd6
50.h5 Kc5 51.h6 Kb4 52.Rf4  1-0